[Event "DMP Ekstraliga 2020"]
[Site "Krakow"]
[Date "2020.03.27"]
[Round "2.7"]
[White "Klekowski, Maciej"]
[Black "Moranda, Wojciech"]
[Result "0-1"]
[WhiteElo "2511"]
[BlackElo "2605"]
[Annotator "TA"]
[PlyCount "136"]
[EventDate "2020.08.26"]
[EventType "team-tourn"]
[EventCountry "POL"]
[SourceTitle "playchess.com"]
[Source "ChessBase"]
[SourceQuality "1"]

{[%evp 13,136,2,9,9,11,0,11,9,12,6,20,6,17,18,14,25,55,32,36,-15,47,-15,-17,-14,-18,-26,0,0,0,0,0,0,-6,0,0,-39,18,6,9,0,14,0,0,-14,-12,-57,0,-511,-141,-173,-188,-748,-190,-105,-96,-699,-52,-304,-289,-266,-286,-266,-66,-27,-55,-825,-512,-714,-193,-165,-109,-95,-91,-87,-86,-91,-91,-78,-79,-77,-83,-93,-35,-45,-26,-25,-32,-40,-12,-78,-39,-39,-39,-718,-559,-1010,-1148,-1102,-1120,-1113,-1064,-745,-245,-625,-618,-2762,-2482,-5369,-6693,-6213,-6172,-4598,-1856,-29969,-5207,-29975,-29975,-29975,-29977,-29977,-29978,-29978,-12803,-4614,-943]} 1. d4 Nf6 2. c4 e6 3. Nc3 Bb4 4. e3 O-O 5. Nge2 Re8 6. a3 Bf8 7. Ng3 d5 8. Be2 {E46: Nimzo-Indian: Rubinstein: 4 e3 0-0 5 Ne2 without early Bd3.} b6 9. O-O Bb7 10. cxd5 {The position is equal. The modern move.} exd5 11. b4 g6 12. Qb3 Nc6 13. Bf3 {[%cal Rc3d5]} Ne7 14. a4 {[#]} Rb8 $146 ({Predecessor:} 14... a5 15. b5 h5 16. Ba3 Bh6 17. h4 Qd7 18. e4 dxe4 19. Ngxe4 Nxe4 20. Nxe4 Bg7 {½-½ (44) Sowray,P (2272)-Kovacevic,B (2451) Caleta 2020}) 15. Bb2 h5 16. Rfd1 (16. h3 $14) 16... Bh6 (16... h4 $11 17. Nge2 h3) 17. a5 ({White should try} 17. h3 $14) 17... h4 $11 18. Nf1 h3 19. g3 Bc8 20. axb6 axb6 21. b5 Be6 22. Ra7 Qd7 23. Rc1 Ra8 24. Rca1 Rac8 ({Better is} 24... Rxa7 $15 25. Rxa7 Nc8) 25. Ba3 Nf5 26. Na4 Qd8 27. Rc1 Ne4 28. Bxe4 dxe4 29. Qc2 Qf6 (29... Qg5 $15) 30. Qxe4 $2 {[%mdl 8192] [#]} (30. Nc3 $11 {and White stays safe.}) 30... Bc4 $2 (30... Nxd4 $1 $19 {[%mdl 512] is more deadly. ( -> ...Ne2+)} 31. f4 (31. exd4 $2 Bxc1 32. Bxc1 Bc4 $19 {[%mdl 64] Discovered Attack}) 31... Ne2+ {[%mdl 64] Double Attack} 32. Kf2 Nxc1 33. Bxc1 Bb3) 31. Qf3 Qe6 $1 {Strongly threatening ...Nxd4!} 32. Qc6 $2 {[#]} (32. Bb2 Bd5 33. Qg4) 32... Nd6 $2 ({Less strong is} 32... Qxc6 33. bxc6 Bxf1 34. Kxf1 $17) (32... Nxd4 $1 {[%mdl 512]} 33. Qxe6 (33. exd4 Bxc1) 33... Ne2+ 34. Kh1 Bxe6) 33. Nc3 $19 Qf5 $1 {[%cal Rd6b5]} 34. Nd2 $2 {[%mdl 8192] [#]} (34. Bxd6 $17 cxd6 35. Rc7 Rxc7 36. Qxe8+ Bf8 37. Qe4 Bxb5 38. Qxf5 gxf5 39. Nd2) 34... Bxb5 $2 (34... Rxe3 $1 $19 {[%mdl 512]} 35. Bxd6 (35. Nxc4 $2 Rxc3 36. Rxc3 Ne4 $19) (35. Rxc7 $2 Rxc7 36. Qxd6 Rc8 $19) (35. fxe3 Bxe3+) 35... Rxc3 {[%mdl 64] Discovered Attack, Remove Defender} 36. Rxc3 Bd5) 35. Qd5 $2 {[%mdl 8192]} (35. Qf3 $1 $15 Qxf3 36. Nxf3) 35... Qd3 36. Nf1 Bc4 37. Qc6 Nb5 $2 (37... Qf5 $19 38. Bxd6 cxd6) 38. Nxb5 $15 Bxb5 39. Qd5 $2 {[%mdl 8192]} (39. Qc2 $15) 39... Qe2 {[%cal Re8e3] Threatens to win with ...Rxe3!} 40. Bb4 Bd3 $2 (40... Rcd8 41. Qb7 Rxd4 $1 {[%mdl 512]}) 41. Ra2 $19 {[#]} Qg4 (41... c6 $1 $19 {[%cal Rc6d5][%mdl 512]} 42. Rxe2 (42. Rxc6 Qxf1#) 42... cxd5 {[%mdl 64] Discovered Attack}) 42. f3 $17 Qe6 43. Qxe6 Rxe6 44. f4 {[#]} Bxf1 $1 45. Kxf1 Rxe3 46. Bd6 Bg7 47. Be5 c5 (47... Rb3 $17 48. Rd2 c5 49. Bxg7 Kxg7 50. dxc5 bxc5) 48. Kf2 $15 Rb3 49. Bxg7 Kxg7 50. dxc5 $1 bxc5 $11 {[%mdl 4096] Endgame KRR-KRR} 51. Rc4 (51. Rac2 $11) 51... Rd8 {Hoping for ...Rd1.} (51... Rb4 $5 {[%cal Rb4c4]} 52. Rc3 Rb1 $17) 52. Rac2 Rd1 {And now ...Rh1 would win.} 53. R4c3 $2 {[%mdl 8192] [#] Black keeps a firm grip on the game.} (53. Rxc5 $15 Rh1 54. R2c3 Rxh2+ 55. Kf3) 53... Rh1 $1 $19 54. Kf3 {[#]} Rxh2 $1 {[%mdl 576] Deflection} 55. Rxh2 Rxc3+ {KR-KR} 56. Kg4 c4 {[%cal Bc5c4,Bc4c3][%mdl 32]} 57. Kxh3 Rd3 $2 (57... Rc1 {aiming for ...c3.} 58. Kg4 f5+ 59. Kg5 Rg1) 58. Ra2 $2 (58. Re2) 58... Kf6 59. Kg4 Ke6 60. Ra7 c3 61. Rc7 Kd6 62. Rc8 Kd5 63. f5 gxf5+ (63... Rd4+ $142 64. Kf3 Rc4 65. Rd8+ Ke5 66. fxg6 c2 67. Re8+ Kf6 68. Re1 c1=Q 69. Rxc1 Rxc1 70. gxf7 Kxf7 71. Ke4 Rg1 72. Ke3 Rxg3+ 73. Kf4 Rd3 74. Ke4 Rd7 75. Ke5 Rd8 76. Kf4 Ke6 77. Ke4 Kf6 78. Kf3 Ke5 79. Kg3 Ke4 80. Kf2 Kf4 81. Ke2 Rd4 82. Kf2 Re4 83. Kg2 Re2+ 84. Kf1 Kf3 85. Kg1 Re1+ 86. Kh2 Rf1 87. Kh3 Rh1#) 64. Kf4 Rd4+ 65. Ke3 Rc4 66. Rd8+ Ke5 67. Rd1 Rg4 (67... c2 $142 68. Rc1 Rc3+ 69. Kf2 Kd4 70. Kg2 Kd3 71. Kh3 Kd2 72. Ra1 c1=Q 73. Rxc1 Kxc1 74. Kh4 f6 75. g4 f4 76. g5 fxg5+ 77. Kg4 Rg3+ 78. Kf5 f3 79. Kf6 f2 80. Ke6 f1=Q 81. Kd5 Rd3+ 82. Kc5 Qf2+ 83. Kb5 Qc2 84. Ka6 Rb3 85. Ka7 Qa2#) 68. Kf3 Rd4 {Accuracy: White = 50%, Black = 54%.} 0-1

[Event "DMP Ekstraliga 2020"]
[Site "Krakow"]
[Date "2020.03.27"]
[Round "2.8"]
[White "Dziuba, Marcin"]
[Black "Barski, Radoslaw"]
[Result "1-0"]
[WhiteElo "2590"]
[BlackElo "2444"]
[Annotator "RC"]
[PlyCount "67"]
[EventDate "2020.08.26"]
[EventType "team-tourn"]
[EventCountry "POL"]
[SourceTitle "playchess.com"]
[Source "ChessBase"]
[SourceQuality "1"]
[TimeControl "30/5400+30:1800+30"]

1. d4 {[%emt 0:00:00]} d5 {[%emt 0:00:00]} 2. c4 {[%emt 0:00:00]} c6 {[%emt 0:00:00]} 3. Nf3 {[%emt 0:00:18]} Nf6 {[%emt 0:00:04]} 4. g3 {[%emt 0:01:18]} g6 {[%emt 0:03:03]} 5. Bg2 {[%emt 0:00:45]} Bg7 {[%emt 0:00:07]} 6. O-O {[%emt 0:01:27]} O-O {[%emt 0:00:10]} 7. Qb3 {[%emt 0:01:11]} Qb6 {[%emt 0:00:37]} 8. Nc3 {[%emt 0:01:15]} Rd8 {[%emt 0:02:06]} 9. c5 {[%emt 0:11:17]} Qa6 {[%emt 0:23:07]} 10. Bf4 {[%emt 0:01:48]} Bf5 {[%emt 0:00:15]} 11. Rfc1 {[%emt 0:03:14]} b6 {[%emt 0:04:16]} 12. cxb6 {[%emt 0:03:34]} axb6 {[%emt 0:01:09]} 13. Ne5 {[%emt 0:17:16]} Be6 {[%emt 0:05:51]} 14. a4 {[%emt 0:09:33]} Rc8 {[%emt 0:10:03]} 15. Qa3 {[%emt 0:12:33]} c5 {[%emt 0:17:18]} 16. Nb5 {[%emt 0:09:17]} Nh5 {[%emt 0:03:45]} 17. Nd3 {[%emt 0:02:47]} c4 {[%emt 0:02:38]} 18. Nb4 {[%emt 0:02:09]} Qb7 {[%emt 0:03:12]} 19. b3 {[%emt 0:02:22]} Nxf4 {[%emt 0:06:59]} 20. gxf4 {[%emt 0:00:17]} c3 {[%emt 0:00:07]} 21. e3 {[%emt 0:10:41]} Nd7 {[%emt 0:05:17]} 22. Nxc3 {[%emt 0:01:10]} Nf6 {[%emt 0:00:16]} 23. Nd3 {[%emt 0:03:10]} Ne4 {[%emt 0:03:35]} 24. Nxe4 {[%emt 0:00:10]} dxe4 {[%emt 0:00:05]} 25. Ne5 {[%emt 0:02:15]} f6 {[%emt 0:02:09]} 26. Nc4 {[%emt 0:00:30]} b5 {[%emt 0:00:22]} 27. Qb4 {[%emt 0:00:24]} Rab8 {[%emt 0:01:27]} 28. Na5 {[%emt 0:00:17]} Qd5 {[%emt 0:00:21]} 29. Rxc8+ {[%emt 0:00:18]} Bxc8 {[%emt 0:00:52]} 30. Rc1 {[%emt 0:01:23]} Bf8 {[%emt 0:01:24]} 31. Nc6 {[%emt 0:30:58]} Rb7 {[%emt 0:30:35]} 32. axb5 {[%emt 0:00:56]} e6 {[%emt 0:01:50]} 33. Qc4 {[%emt 0:00:12]} Rxb5 {[%emt 0:01:45]} 34. Na7 1-0

[Event "DMP Ekstraliga 2020"]
[Site "Krakow"]
[Date "2020.03.27"]
[Round "2.9"]
[White "Kosakowski, Jakub"]
[Black "Hnydiuk, Aleksander"]
[Result "1/2-1/2"]
[WhiteElo "2418"]
[BlackElo "2411"]
[Annotator "TA"]
[PlyCount "54"]
[EventDate "2020.08.26"]
[EventType "team-tourn"]
[EventCountry "POL"]
[SourceTitle "playchess.com"]
[Source "ChessBase"]
[SourceQuality "1"]

{[%evp 18,54,46,49,47,47,54,24,19,35,29,24,20,20,13,4,10,-41,-37,-39,0,0,0,0,0,0,0,0,0,-16,-20,-18,0,0,0,0,0,-3,-8]} 1. e4 c5 2. Nf3 e6 3. d4 cxd4 4. Nxd4 Nc6 5. Nc3 a6 6. g3 d6 7. Nxc6 bxc6 8. Bg2 Qc7 9. O-O Nf6 10. Na4 Bb7 {B80: Sicilian Scheveningen: 6 g3 and 6 Be3, including English Attack.} 11. c4 c5 {[#]} 12. Qe1 $146 ({Predecessor:} 12. Nc3 Nd7 13. f4 Be7 14. Be3 O-O 15. Qd2 Rad8 16. Rad1 Nb8 17. g4 Nc6 18. g5 {½-½ (71) So,W (2765)-Movsesian,S (2629) chess.com INT 2019}) 12... Bc6 {White has an edge.} 13. Nc3 Be7 14. b3 O-O 15. Bb2 Ne8 16. f4 Bf6 17. Kh1 (17. Nd1 $11) 17... Qb7 18. Rb1 Bxc3 19. Bxc3 {The position is equal.} f5 {[%cal Rc6e4]} 20. b4 {And now bxc5 would win.} Bxe4 21. Bxe4 fxe4 22. bxc5 Qc6 23. cxd6 Nxd6 24. c5 Nb5 25. a4 Nxc3 26. Qxc3 Rac8 27. Rfe1 Rf5 {Accuracy: White = 86%, Black = 93%.} 1/2-1/2

[Event "DMP Ekstraliga 2020"]
[Site "Krakow"]
[Date "2020.03.27"]
[Round "2.10"]
[White "Zilka, Stepan"]
[Black "Walter, Szymon"]
[Result "1-0"]
[WhiteElo "2564"]
[BlackElo "2288"]
[Annotator "TA"]
[PlyCount "71"]
[EventDate "2020.08.26"]
[EventType "team-tourn"]
[EventCountry "POL"]
[SourceTitle "playchess.com"]
[Source "ChessBase"]
[SourceQuality "1"]

{[%evp 11,71,10,18,0,15,16,30,18,25,22,29,26,31,29,48,43,41,36,66,29,56,52,63,53,84,14,33,8,31,31,31,42,29,28,58,52,64,61,54,58,79,62,103,93,135,139,116,109,192,179,274,215,222,223,779,779,858,826,789,764,757,745]} 1. d4 Nf6 2. c4 e6 3. Nf3 b6 4. g3 Bb7 5. Bg2 Be7 6. Nc3 d5 7. Qa4+ {E17: Queen's Indian: 4 g3 Bb7 5 Bg2 Be7.} c6 8. cxd5 {[#]} Nxd5 $146 ({Predecessor:} 8... exd5 9. O-O O-O 10. Ne5 Nfd7 11. Rd1 Nxe5 12. dxe5 Qc7 13. e4 d4 14. Rxd4 b5 15. Qd1 Bc5 16. Rd3 Qxe5 17. Bf4 Qe7 18. e5 {1-0 (29) Bitoon,R (2436)-Roullo,R Dumaguete City 2012}) 9. Nxd5 {White has an edge.} exd5 10. Ne5 O-O 11. O-O Bd6 12. Bf4 Qe7 13. Rfe1 Bxe5 14. Bxe5 Nd7 15. Bf4 c5 16. Rac1 Rfe8 17. Rc3 Qe6 18. b3 (18. b4 $16) 18... Bc6 $11 19. Qa3 cxd4 20. Rd3 Qf6 21. Qb4 Nc5 22. Rxd4 Rad8 23. Be3 Ne6 24. Rd3 Qf5 25. h4 Bb7 26. Bd4 Ba6 {[#]} 27. Rd2 $1 Qg4 28. Bf3 Qf5 29. Red1 g5 (29... Bb7 $16) 30. Qa4 Bc8 (30... Nxd4 {was worth a try.} 31. Qxd4 (31. Rxd4 Bxe2 32. Rxd5 Qxd5 $14) 31... Bb5 32. hxg5 Qxg5) 31. Bb2 d4 32. hxg5 {[%mdl 64] [#] Overworked Piece} ({Not} 32. Qxa7 gxh4 33. g4 (33. Qxb6 hxg3 34. fxg3 Qg5 $11) (33. gxh4 Qg6+ 34. Kh1 Qh6 $11) 33... Qg5 $14) 32... Nxg5 $2 (32... b5 33. Qxa7 Rd6) 33. Rxd4 $18 {White is clearly winning.} Nxf3+ 34. exf3 Bd7 35. Rxd7 Rxd7 36. Qxd7 {Accuracy: White = 90%, Black = 55%.} 1-0

[Event "DMP Ekstraliga 2020"]
[Site "Krakow"]
[Date "2020.03.27"]
[Round "2.11"]
[White "Dzierzak, Radoslaw"]
[Black "Plat, Vojtech"]
[Result "0-1"]
[WhiteElo "2276"]
[BlackElo "2566"]
[Annotator "TA"]
[PlyCount "78"]
[EventDate "2020.08.26"]
[EventType "team-tourn"]
[EventCountry "POL"]
[SourceTitle "playchess.com"]
[Source "ChessBase"]
[SourceQuality "1"]

{[%evp 9,78,18,41,36,41,36,38,39,45,25,52,55,90,44,41,43,50,50,50,42,38,32,86,89,90,87,94,92,93,69,215,203,295,270,330,330,330,316,287,288,255,239,191,198,203,0,210,0,0,0,0,0,0,0,150,17,8,-435,-454,-444,-437,-414,-422,-612,-562,-506,-396,-532,-517,-475,-469]} 1. e4 Nf6 2. e5 Nd5 3. Nc3 c6 4. Qf3 Nb4 5. Bc4 d5 6. exd6 {B02: Alekhine's Defence: Chase Variation and lines with early Nc3.} e6 7. Bb3 Bxd6 8. d4 {[#] White is slightly better.} a5 $146 ({Predecessor:} 8... O-O 9. Ne4 Be7 10. c3 Nd5 11. h4 Nd7 12. Qg3 Qc7 13. Qxc7 {½-½ (13) Sisatto,O (2288)-Mertanen,J (2310) Tampere 2009}) 9. a4 Nd7 10. Ne4 Be7 11. Nh3 (11. Qg3 {feels hotter.} Nf6 12. Qxg7 Rf8 13. Ng5 h6 14. Nh7) 11... Nf6 12. Nxf6+ Bxf6 13. c3 Nd5 14. O-O O-O 15. Nf4 Nxf4 (15... g6 $14) 16. Bxf4 $16 Qb6 17. Bc2 Re8 18. Be5 Bxe5 19. dxe5 Rd8 (19... Qxb2 $2 20. Qd3 $18) (19... g6 $14) 20. Rad1 $1 $18 {[%cal Ba1d1,Bd1d4,Bd4h4][%mdl 32]} Bd7 (20... g6 {might work better.} 21. Qe3 c5 22. Rxd8+ Qxd8) 21. Rd4 Be8 {[#]} 22. Bxh7+ $1 {[%mdl 512]} Kxh7 23. Rh4+ Kg8 24. Qh5 {[%csl Gh4][%cal Rh5h8]} Kf8 {next ...Ke7 is good for Black.} 25. Qg5 $1 {[%cal Rh4h8]} Kg8 26. Rg4 $1 {[%csl Gg4][%cal Rg5g7]} ({Resist} 26. Qh5 $6 Kf8) 26... Kf8 (26... g6 $2 27. Rh4 $18) 27. Qxg7+ Ke7 28. Qf6+ $2 (28. h4 $1 $18) 28... Kd7 $11 29. h4 {And now Rd1+ would win.} Kc7 $1 30. h5 $1 {[%cal Rh5h6] Hoping for h6.} Qxb2 31. h6 {h7 is the strong threat.} Bd7 {[#]} (31... Qxc3 $11 32. Rh4 c5) 32. Rd1 (32. Rd4 $1 $16) 32... c5 $1 {[#] White must now prevent ...Qe2.} ({But not} 32... Qxc3 $2 33. Qxf7 Qc2 34. Rgd4 $18) 33. Qxf7 $2 {[%mdl 8192]} (33. Qe7 $1 $11 {[%mdl 512] and White is okay.} Kb6 34. Rh4 (34. Rxd7 Rxd7 35. Qxd7 Qc1+ 36. Kh2 Qxh6+ 37. Kg3 Qf8 $14)) 33... Qe2 $19 {[%mdl 64] Double Attack} 34. Qf3 Qxf3 35. gxf3 Rg8 36. Kg2 (36. Kh2 $142 Rh8 37. Rh4) 36... Bc6 {aiming for ...Rxg4+.} 37. Kg3 Raf8 38. Rxg8 Rxg8+ 39. Kf4 Bxa4 {Never resign too early! Accuracy: White = 69%, Black = 71%.} 0-1

[Event "DMP Ekstraliga 2020"]
[Site "Krakow"]
[Date "2020.03.27"]
[Round "2.12"]
[White "Majdan, Joanna"]
[Black "Sliwicka, Alicja"]
[Result "1/2-1/2"]
[WhiteElo "2325"]
[BlackElo "2317"]
[Annotator "TA"]
[PlyCount "100"]
[EventDate "2020.08.26"]
[EventType "team-tourn"]
[EventCountry "POL"]
[SourceTitle "playchess.com"]
[Source "ChessBase"]
[SourceQuality "1"]

{[%evp 15,100,41,31,7,12,10,18,13,0,-47,0,0,0,0,0,-18,8,8,8,8,8,14,5,0,0,8,8,20,34,25,26,6,35,20,35,41,90,81,79,93,123,76,77,25,59,58,63,47,56,37,38,37,53,36,54,44,45,0,0,5,75,20,31,11,13,0,0,0,0,0,0,0,0,0,0,0,0,0,0,0,0,0,0,0,0,0,0]} 1. e4 c5 2. Nf3 e6 3. d4 cxd4 4. Nxd4 Nf6 5. Nc3 d6 6. g4 h6 7. h4 Nc6 8. Rg1 d5 9. Nxc6 {B81: Sicilian Scheveningen: Keres Attack.} bxc6 10. g5 hxg5 11. hxg5 Nd7 12. g6 {[%cal Re4d5]} fxg6 {[#]} 13. exd5 $146 ({Predecessor:} 13. Bg5 Qb6 14. exd5 cxd5 15. Bd3 Ne5 16. Qe2 Bd6 17. O-O-O O-O 18. f4 Nxd3+ 19. Qxd3 {0-1 (42) Pruefer,S-Denk,A (2261) Germany 1999}) 13... exd5 14. Bg5 Be7 15. Qe2 Kf7 (15... Nf8 {feels hotter.} 16. O-O-O Kf7 17. Qf3+ Bf6 18. Bd3 Bf5) 16. Bxe7 Qxe7 17. Qxe7+ Kxe7 18. Rxg6 Ne5 $132 {[%mdl 2048] Black puts up resistance} 19. Rxg7+ Kf6 20. Rg3 Rh2 21. Bg2 Bg4 22. Kf1 Bf5 23. Kg1 Rh7 24. Rc1 Nc4 25. b3 Na3 26. Ne2 {Rf3 is the strong threat.} Re8 27. Nd4 {aiming for Rf3.} Bd7 28. b4 Nc4 29. b5 ({Better is} 29. Rf3+ $16 Kg7 30. Rd1) 29... c5 30. Nb3 Bxb5 31. Nxc5 Nb6 32. Nb3 Rh4 33. Rd1 Bc4 34. Nd4 (34. Rf3+ {is more complex.} Kg5 35. Nd2 Be2 36. Re1 Ra4 37. Rg3+) 34... Be2 35. Nxe2 Rxe2 36. Bxd5 (36. Ra3 {with more complications.} Rxc2 37. Rxa7 Rb4 38. Ra6 Ke5 39. Bf3) 36... Nxd5 37. Rxd5 {Black should prevent Ra5.} Rxc2 $14 {[%mdl 4096] Endgame KRR-KRR} (37... Rf4 $11 {remains equal.}) 38. Ra5 (38. Rf3+ $16 Ke6 39. Ra5) 38... Rf4 $11 39. Ra6+ Kf5 {The position is equal.} 40. Rxa7 {[#] Strongly threatening Rf7+.} Rcxf2 41. Rf7+ Ke6 42. Rxf4 Rxf4 {KR-KR} 43. Rd3 Ke5 44. Kg2 Rd4 45. Re3+ (45. Rxd4 {seems wilder.} Kxd4 46. a4 Kc5 47. Kf3 Kc6 48. Kg4) 45... Re4 46. Kf3 (46. Ra3 {looks sharper.} Kd6 47. Kf3 Rh4 48. Kg3 Rd4 49. Kf3) 46... Rxe3+ 47. Kxe3 Kd5 48. a4 Kc5 49. a5 Kb5 50. a6 Kxa6 {Accuracy: White = 87%, Black = 79%.} 1/2-1/2

[Event "DMP Ekstraliga 2020"]
[Site "Krakow"]
[Date "2020.03.27"]
[Round "2.13"]
[White "Wojtaszek, Radoslaw"]
[Black "Kempinski, Robert"]
[Result "1-0"]
[WhiteElo "2717"]
[BlackElo "2568"]
[Annotator "TA"]
[PlyCount "95"]
[EventDate "2020.08.26"]
[EventType "team-tourn"]
[EventCountry "POL"]
[SourceTitle "playchess.com"]
[Source "ChessBase"]
[SourceQuality "1"]

{[%evp 21,95,29,32,16,21,27,27,16,35,35,35,33,35,26,41,39,39,41,41,26,44,38,44,20,28,0,70,39,55,56,90,89,89,76,91,102,106,85,93,39,91,83,91,93,104,89,135,129,128,134,133,131,131,81,129,135,165,155,166,77,168,173,166,174,212,214,344,336,527,527,535,553,521,549,1199,1177]} 1. d4 Nf6 2. c4 e6 3. Nf3 Bb4+ 4. Nbd2 b6 5. a3 Bxd2+ 6. Qxd2 Bb7 7. e3 O-O 8. Be2 a5 9. b3 d6 10. Bb2 Nbd7 11. O-O Qe7 12. Qc2 {E14: Queen's Indian: Classical Variation (4 e3).} c5 13. Rfd1 Rfd8 {[#]} 14. Nd2 $5 $146 {[%mdl 8] White has an edge. An interesting novelty.} ({Predecessor:} 14. Qc3 Ne4 15. Qe1 h6 16. Nd2 Nef6 17. Nb1 cxd4 18. exd4 e5 19. Bf1 e4 20. Nc3 {1-0 (64) Wojtaszek,R (2742)-Moiseenko,A (2698) Germany 2015}) 14... Rac8 15. Qc3 h6 16. Rac1 Ba8 17. Bf1 Qf8 18. Qd3 Qe7 19. Nb1 d5 20. Nd2 cxd4 21. Qxd4 Nc5 22. Qc3 Bb7 23. Ba1 Qf8 (23... dxc4 $11 24. Nxc4 b5 25. Nxa5 Nd3 26. Bxd3 Rxc3 27. Bxc3 Ba8) 24. Qb2 Rb8 25. cxd5 Bxd5 26. b4 axb4 27. axb4 Ncd7 28. f3 e5 29. e4 Be6 30. Bb5 (30. Nc4 $16) 30... Rdc8 ({Better is} 30... Ne8 $14) 31. Nc4 $16 Bxc4 32. Rxc4 Rxc4 33. Bxc4 b5 34. Bf1 Qe7 35. Qd2 Rb6 36. Bc3 Qe6 37. Ra1 Qc6 38. Qd3 Ne8 39. Ra7 Nd6 {[#]} 40. Be1 (40. f4 $1 $18) 40... Ra6 (40... Rb8 $16 {might work better.}) 41. Rxa6 $18 Qxa6 {[#]} 42. Qd5 $1 Kh7 43. Bf2 f6 (43... Kg8 {keeps fighting.} 44. g3 g5 45. Bxb5 Qxb5) 44. g3 Nb8 (44... Kh8 $142 45. Bh3 f5 46. exf5 (46. Bxf5 Nxf5 47. Qxd7 Nd6 $18) 46... Nf6 47. Qxe5 Nc4 48. Qb8+ Kh7) 45. Bh3 {White is clearly winning.} Qc6 46. Bc5 Qxd5 47. exd5 Nb7 48. Ba7 {Accuracy: White = 84%, Black = 55%.} 1-0

[Event "DMP Ekstraliga 2020"]
[Site "Krakow"]
[Date "2020.03.27"]
[Round "2.15"]
[White "Socko, Bartosz"]
[Black "Olszewski, Michal"]
[Result "1-0"]
[WhiteElo "2601"]
[BlackElo "2547"]
[Annotator "TA"]
[PlyCount "109"]
[EventDate "2020.08.26"]
[EventType "team-tourn"]
[EventCountry "POL"]
[SourceTitle "playchess.com"]
[Source "ChessBase"]
[SourceQuality "1"]

{[%evp 17,108,-56,-14,-10,-11,-9,0,0,0,0,2,-31,-20,-15,14,6,6,6,3,4,15,9,52,49,41,3,18,18,18,16,25,18,23,15,37,27,28,28,46,16,11,0,0,0,68,65,78,95,179,162,170,156,217,187,293,280,344,312,354,346,334,316,552,562,563,587,547,516,488,422,4802,4698,4686,2967,5708,756,1566,1358,12811,12802,29979,29977,29980,29981,29981,29982,29989,29990,29990,29990,29995,29996,29999]} 1. e4 e5 2. Nf3 Nc6 3. d4 exd4 4. Nxd4 Nf6 5. Nxc6 bxc6 6. e5 Qe7 7. Qe2 Nd5 8. Nd2 g6 9. c4 Ba6 (9... Nf4 $5 {[%cal Rf4e2]} 10. Qe4 Ne6 $11) 10. Nf3 {C45: Scotch Game.} Qb4+ 11. Kd1 Nb6 {[%cal Ra6c4]} 12. b3 {The position is equal.} Bg7 13. Qd2 Qxd2+ 14. Kxd2 d6 15. Bb2 Nd7 16. Re1 {[#] Threatens to win with exd6+.} O-O $146 ({Predecessor:} 16... O-O-O 17. Kc2 dxe5 18. Nxe5 Nxe5 19. Bxe5 Rhe8 20. f4 Bxe5 21. fxe5 f6 22. e6 c5 {½-½ (58) Tari,A (2450)-Moreno Tejera,E (2441) Germany 2014}) 17. Bc3 Rfe8 {[%cal Rd6e5]} 18. exd6 $1 Rxe1 (18... cxd6 {feels hotter.} 19. Bd3 Bb7 20. Rxe8+ Rxe8 21. Re1 Bh6+) 19. Nxe1 Bxc3+ (19... Bh6+ {keeps more tension.} 20. Kc2 cxd6 21. g3 Re8 22. Nd3 d5) 20. Kxc3 cxd6 21. Nc2 c5 22. Be2 Bb7 23. Rd1 Nf6 24. f3 Re8 25. Bf1 Re6 26. b4 Kf8 27. b5 g5 28. Bd3 h5 29. h3 d5 30. a4 {[%cal Ba2a4,Ba4a5][%mdl 32]} Rd6 (30... d4+ $11 31. Kd2 g4) 31. Bf5 $14 d4+ {White now steadily converts the win.} 32. Kd2 g4 (32... Rd8 $16) 33. Ne1 gxf3 34. gxf3 h4 (34... Nd7 $16 {is a better defense.}) 35. a5 $18 Ne8 {[#]} (35... Rd8 {was called for.}) 36. Nd3 $1 Ng7 37. Be4 ({Weaker is} 37. Nxc5 Bxf3 38. Nd7+ Ke8 $18) 37... Bxe4 38. fxe4 {[%mdl 4096] Endgame KRN-KRN} Ne6 39. Rf1 Ke7 $2 (39... Rd7 40. Ne5 Rb7 41. Ng6+ Ke8) 40. Rf5 Rd8 41. Nxc5 Rc8 42. b6 axb6 43. axb6 Kd6 (43... Nd8 $142 44. Rd5 Rc6) 44. Nxe6 fxe6 {[#] KR-KR} 45. c5+ $1 {[%mdl 512]} Kc6 (45... Rxc5 46. Rxc5) 46. Rh5 (46. Rf7 $142 e5 47. Kd3) 46... Ra8 47. Kd3 Ra4 48. Rh8 e5 49. Rc8+ {White mates.} Kb7 50. Rc7+ Kb8 51. Re7 Ra3+ 52. Kc4 Rc3+ 53. Kb5 d3 54. Kc6 {[%cal Re7e8]} d2 55. Re8# {Accuracy: White = 90%, Black = 54%.} 1-0

[Event "DMP Ekstraliga 2020"]
[Site "Krakow"]
[Date "2020.03.27"]
[Round "2.16"]
[White "Kriebel, Tadeas"]
[Black "Miton, Kamil"]
[Result "1/2-1/2"]
[WhiteElo "2519"]
[BlackElo "2590"]
[Annotator "RC"]
[PlyCount "31"]
[EventDate "2020.08.26"]
[EventType "team-tourn"]
[EventCountry "POL"]
[SourceTitle "playchess.com"]
[Source "ChessBase"]
[SourceQuality "1"]
[TimeControl "30/5400+30:1800+30"]

1. e4 {[%emt 0:00:00]} c5 {[%emt 0:00:00]} 2. Nf3 {[%emt 0:00:00]} Nc6 {[%emt 0:00:11]} 3. Nc3 {[%emt 0:00:00]} g6 {[%emt 0:00:57]} 4. d4 {[%emt 0:00:12]} cxd4 {[%emt 0:00:08]} 5. Nxd4 {[%emt 0:00:04]} Bg7 {[%emt 0:00:06]} 6. Be3 {[%emt 0:00:09]} Nf6 {[%emt 0:00:23]} 7. Bc4 {[%emt 0:00:14]} Qa5 {[%emt 0:01:07]} 8. O-O {[%emt 0:00:36]} O-O {[%emt 0:00:27]} 9. Bb3 {[%emt 0:01:28]} d6 {[%emt 0:00:43]} 10. Nd5 {[%emt 0:00:07]} Re8 {[%emt 0:05:00]} 11. Nxf6+ {[%emt 0:02:00]} Bxf6 {[%emt 0:00:23]} 12. c3 {[%emt 0:00:05]} Bd7 {[%emt 0:04:36]} 13. f4 {[%emt 0:05:45]} Nxd4 {[%emt 0:04:05]} 14. Bxd4 {[%emt 0:02:53]} Bxd4+ {[%emt 0:02:16]} 15. Qxd4 {[%emt 0:00:08]} Qc5 {[%emt 0:26:05]} 16. Qxc5 {[%emt 0:01:50]} 1/2-1/2